| 000 | 00687cab a2200241 4500 | ||
|---|---|---|---|
| 001 | ABS57419 | ||
| 008 | 090401t1997 xxu||||| |||| 00| 0 eng d | ||
| 035 | _a(Sirsi) u80610 | ||
| 041 | _aeng | ||
| 100 | _aDorter, J. | ||
| 245 | _aPartnering - think it through | ||
| 260 | _c1997 | ||
| 350 | _a0 | ||
| 490 |
_aArbitration _v63(3) August 1997, 210-212(3) |
||
| 520 | _aExamines the issue of partnering in the construction industry, use of standard contracts and the duty of good faith. | ||
| 650 | _aCONSTRUCTION INDUSTRY | ||
| 650 |
_aContracts _96232 |
||
| 650 | _aGOOD FAITH | ||
| 650 | _aPARTNERING | ||
| 690 | _aBUILT ENVIRONMENT | ||
| 942 | _n0 | ||
| 948 | _c02/09/1997 | ||
| 999 |
_c50742 _d50742 |
||